Szczegóły MARC21

Biblia. Z. 1, Księga Rodzaju /

003 -Nazwa inst., której nr kontr. jest w polu 001 [,]
    • @
    • Nazwa instytucji, której n kontrolny jest w polu 001
    • NUKAT
005 -DATA I CZAS OSTATNIEJ MODYFIKACJI [,]
    • @
    • pole kontrolne
    • 20241231085414.0
020 -Międzynarod. znormalizowany nr książki - ISBN [ , ]
    • a
    • Numer ISBN
    • 8385229000 Find
040 -Instytucja sporządzająca opis [ , ]
    • a
    • Instytucja, która sporządziła opis (NP)
    • POZN U/RD
    • c
    • Instytucja, która sporządziła rekord (NP)
    • POZN U/RD
    • d
    • Instytucja, która zmodyfikowała rekord (P)
    • POZN U/JG
    • d
    • Instytucja, która zmodyfikowała rekord (P)
    • POZN U/DWs
    • d
    • Instytucja, która zmodyfikowała rekord (P)
    • KR 295/AD
044 -Kraj miejsca wydania [ , ]
    • a
    • Kraj miejsca wydania
    • Polska
    • a
    • Kraj miejsca wydania
    • Austria
942 -Rodzaj dokumentu [ , ]
    • c
    • Rodzaj dokumentu
    • Książka
100 -Hasło główne - nazwa osobowa [1, ]
    • a
    • Nazwa osobowa (NP)
    • Krzyżanowski, Józef.
    • 9
    • KHW
    • 577559
245 -Strefa tytułu i oznaczenia odpowiedzialności [1,0]
    • a
    • Tytuł
    • Biblia. Find
    • n
    • Oznaczenie części (P)
    • Z. 1,
    • p
    • Nazwa części (P)
    • Księga Rodzaju /
    • c
    • Pozostałe elementy strefy tytułu i oznaczenia odpowiedzialności (NP)
    • scen. Józef Krzyżanowski ; il. Jerzy Wróblewski.
260 -Strefa adresu wydawniczego [ , ]
    • a
    • Miejsce wydania (P)
    • Szczecin ;
    • a
    • Miejsce wydania (P)
    • Wiedeń :
    • b
    • Nazwa wydawcy (P)
    • Glob-JV,
    • c
    • Data wydania (P)
    • 1990.
300 -Strefa opisu fizycznego [ , ]
    • a
    • Określenie formy książki i/lub objętość (NP)
    • [4], 60 s. :
    • b
    • Oznaczenie ilustracji (NP)
    • il. kolor. ;
    • c
    • Format (NP)
    • 30 cm.
336 -Typ zawartości [ , ]
    • a
    • Termin opisujący typ zawartości
    • Tekst
    • b
    • Kod określający zawartość
    • txt
    • 2
    • Źródło (terminu i kodu)
    • rdacontent
337 -Typ mediów [ , ]
    • a
    • Tryb odtwarzania
    • Bez urządzenia pośredniczącego
    • b
    • Kod typu mediów
    • n
    • 2
    • Źródło (terminu i kodu)
    • rdamedia
338 -Typ/rodzaj nośnika [ , ]
    • a
    • Hasło opisujące typ nośnika
    • Wolumin
    • b
    • Kod typu nośnika
    • nc
    • 2
    • Źródło (terminu i kodu)
    • rdacarrier
080 -Uniwersalna Klasyfikacja Dziesiętna [ , ]
    • 2
    • Identyfikator wydania tablic
    • UDC-P058
    • a
    • Symbol klasyfikacji
    • 27-235/-236
    • b
    • Dopowiedzenie
    • Historia biblijna. Opowieści biblijne. Parafrazy.
080 -Uniwersalna Klasyfikacja Dziesiętna [ , ]
    • 2
    • Identyfikator wydania tablic
    • UDC-P058
    • a
    • Symbol klasyfikacji
    • 821.162.1-93-91
    • b
    • Dopowiedzenie
    • Literatura polska - Literatura dla dzieci i młodzieży (do lat 16) - Literatura masowa. Literatura brukowa. Komiksy.
630 -Hasło przedmiotowe w formie tytułu ujednoliconego [0,7]
    • a
    • Tytuł ujednolicony
    • Biblia.
    • p
    • Nazwa części dzieła
    • ST.
    • p
    • Nazwa części dzieła
    • Księga Rodzaju
    • v
    • Określnik formalny
    • komiksy.
    • 2
    • Źródło terminu
    • kaba
    • 9
    • KHW
    • 577827
655 -Hasło w funkcji tematu formalnego [ ,7]
    • a
    • Hasło
    • Komiksy
    • z
    • Określnik geograficzny
    • Polska
    • y
    • Określnik chronologiczny
    • 1990-.
    • 2
    • Źródło terminu
    • kaba
    • 9
    • KHW
    • 388200
980 -Symbol UKD [ , ]
    • a
    • UKD
    • 27-235/-236:821.162.1-93-91
700 -Hasło dodatkowe - nazwa osobowa [1, ]
    • a
    • Nazwa osobowa (NP)
    • Wróblewski, Jerzy Find
    • d
    • Daty biograficzne (NP)
    • (1941-1991).
    • e
    • Określenie rodzaju współpracy
    • Il.
    • 9
    • KHW
    • 257762
710 -Hasło dodatkowe - nazwa ciała zbiorowego [2, ]
    • a
    • Nazwa ciała zbiorowego lub nazwa geograficzna jako pierwszy element (NP)
    • Wydawnictwo Glob (Szczecin).
    • 4
    • Kod relacji
    • pbl
    • 9
    • KHW
    • 57275
730 -Hasło dodatkowe - tytuł ujednolicony [0,2]
    • a
    • Tytuł ujednolicony (NP)
    • Biblia.
    • p
    • Nazwa części (P)
    • ST.
    • p
    • Nazwa części (P)
    • Księga Rodzaju
    • l
    • Język tekstu (NP)
    • (pol. ;
    • k
    • Sformalizowane określenie (NP)
    • adaptacja)
    • 9
    • KHW
    • 577560
920 -ISBN [ , ]
    • a
    • ISBN
    • 83-85229-00-0 Find
Numer inwentarzowy Lokalizacja Data inwentaryzacji Status udost.
Pd.18930BG2007-11-081